[Event "Championnat de France des Jeunes - Cade"]
[Site "MONTLUCON"]
[Date "2011.04.17"]
[Round "1.1"]
[White "Neuhauser, Salome"]
[Black "Finkel, Julie"]
[Result "1-0"]
[WhiteElo "2075"]
[BlackElo "1697"]
[PlyCount "45"]
[EventDate "2011.??.??"]

1. e4 g6 2. d4 Bg7 3. Nf3 d6 4. Nc3 a6 5. a4 b6 6. Be3 Bb7 7. Be2 Nd7 8. h3 c5
9. O-O cxd4 10. Nxd4 Ngf6 11. f3 O-O 12. Qd2 Rc8 13. Rad1 Qc7 14. Bh6 Ne5 15.
Bxg7 Kxg7 16. f4 Nc4 17. Bxc4 Qxc4 18. Qe3 Qc5 19. Kh1 e5 20. fxe5 dxe5 21.
Nf5+ Kh8 22. Qh6 Rg8 23. Nd6 1-0

[Event "Championnat de France des Jeunes - Cade"]
[Site "MONTLUCON"]
[Date "2011.04.17"]
[Round "1.2"]
[White "Abidi, Ines"]
[Black "Auvray, Juliette"]
[Result "1/2-1/2"]
[WhiteElo "1677"]
[BlackElo "2001"]
[PlyCount "84"]
[EventDate "2011.??.??"]

1. d4 Nf6 2. c4 e6 3. Nf3 Bb4+ 4. Bd2 Qe7 5. g3 O-O 6. Bg2 Bxd2+ 7. Nbxd2 d6 8.
O-O e5 9. dxe5 dxe5 10. Ng5 Nbd7 11. Qc2 h6 12. Nge4 Nxe4 13. Bxe4 Nf6 14. Bg2
c6 15. Rfd1 Bg4 16. Nf1 Bh5 17. Ne3 Rad8 18. Rxd8 Rxd8 19. Rd1 Bg6 20. Rxd8+
Qxd8 21. Qd1 Qd4 22. Qxd4 exd4 23. Nf1 Ne4 24. Bxe4 Bxe4 25. Nd2 Bf5 26. Nb3 d3
27. exd3 Bxd3 28. Nd2 Kf8 29. Kg2 Ke7 30. Kf3 Kd6 31. Ke3 Bf5 32. Ne4+ Bxe4 33.
Kxe4 Kc5 34. Kd3 f5 35. h4 g5 36. hxg5 hxg5 37. f4 gxf4 38. gxf4 b5 39. cxb5
cxb5 40. Kc3 Kd5 41. Kd3 a5 42. b3 b4 1/2-1/2

[Event "Championnat de France des Jeunes - Cade"]
[Site "MONTLUCON"]
[Date "2011.04.17"]
[Round "1.3"]
[White "Soubirou, Oriane"]
[Black "Daadaa, Soha"]
[Result "1-0"]
[WhiteElo "1996"]
[BlackElo "1657"]
[PlyCount "67"]
[EventDate "2011.??.??"]

1. e4 e6 2. d4 d5 3. e5 c5 4. c3 Qb6 5. Nf3 Nc6 6. a3 Bd7 7. b4 cxd4 8. cxd4
Rc8 9. Bb2 Na5 10. Nbd2 Nc4 11. Nxc4 dxc4 12. Rc1 a5 13. Bxc4 Bxb4+ 14. Nd2 Bc5
15. Ne4 Be7 16. Qe2 Nh6 17. O-O O-O 18. Rfd1 Rxc4 19. Rxc4 Bb5 20. Rdc1 Bxc4
21. Rxc4 Nf5 22. g4 Nh4 23. Bc1 Qb3 24. Rc3 Qd5 25. g5 Qxd4 26. Qg4 Nf5 27. Rh3
Rc8 28. Bd2 Rc4 29. Qh5 h6 30. gxh6 Qxe4 31. h7+ Kh8 32. Qxf7 Qg4+ 33. Kh1 Qxh3
34. Qg8# 1-0

[Event "Championnat de France des Jeunes - Cade"]
[Site "MONTLUCON"]
[Date "2011.04.17"]
[Round "1.5"]
[White "Thuret, Marine"]
[Black "Colin, Phanie"]
[Result "1/2-1/2"]
[WhiteElo "1909"]
[BlackElo "1647"]
[PlyCount "105"]
[EventDate "2011.??.??"]

1. Nc3 c5 2. e4 a6 3. a4 b6 4. g3 Bb7 5. Bg2 e6 6. Nge2 d6 7. O-O Nf6 8. d3 Nc6
9. h3 h5 10. f4 Be7 11. Be3 Qc7 12. f5 e5 13. Bg5 Nh7 14. Nd5 Qd8 15. Be3 Nf6
16. c3 Nxd5 17. exd5 Nb8 18. c4 Nd7 19. Nc3 Nf6 20. Ne4 Nxe4 21. dxe4 Bg5 22.
Bf2 h4 23. Qg4 Qf6 24. a5 b5 25. cxb5 axb5 26. a6 Bxa6 27. Qe2 Ke7 28. Ra5 hxg3
29. Bxg3 Rhb8 30. Rfa1 Bb7 31. Qxb5 Kf8 32. Rxa8 Rxa8 33. Rxa8+ Bxa8 34. h4
Be3+ 35. Kh2 Qd8 36. Qe2 Bh6 37. Qc4 Qf6 38. Qe2 Bf4 39. Qh5 Bxg3+ 40. Kxg3 Qh6
41. Qxh6 gxh6 42. f6 Kg8 43. Kg4 Kh7 44. Kh5 Bb7 45. Bh3 Ba6 46. Bf5+ Kg8 47.
Kxh6 Bd3 48. Kg5 Bc2 49. Kg4 Bd1+ 50. Kg3 Bh5 51. Kf2 Bg6 52. h5 Bxh5 53. Kg3
1/2-1/2

[Event "Championnat de France des Jeunes - Cade"]
[Site "MONTLUCON"]
[Date "2011.04.17"]
[Round "1.6"]
[White "Lebret, Loriane"]
[Black "Le Bail, Arielle"]
[Result "0-1"]
[WhiteElo "1625"]
[BlackElo "1859"]
[PlyCount "142"]
[EventDate "2011.??.??"]

1. e4 e6 2. d4 d5 3. exd5 exd5 4. Bd3 Bd6 5. Qf3 Nc6 6. c3 Nge7 7. Ne2 Be6 8.
Bf4 Ng6 9. Nd2 Qd7 10. Bxd6 Qxd6 11. Nb3 O-O-O 12. Nc5 Nce5 13. dxe5 Qxc5 14.
Qg3 Qb6 15. O-O Rhe8 16. Kh1 Bd7 17. f4 Kb8 18. Nd4 Ne7 19. Qxg7 c5 20. Nf3 Rg8
21. Qxf7 Qxb2 22. g3 Bh3 23. Rg1 Nc6 24. Rab1 Be6 25. Qxe6 Qxc3 26. Rb3 Nd4 27.
Rxc3 Nxe6 28. Rb1 Rge8 29. Rcb3 Re7 30. Nh4 c4 31. Nf5 Red7 32. Bxc4 dxc4 33.
Rb4 Rd1+ 34. Rxd1 Rxd1+ 35. Kg2 c3 36. Rc4 Rd2+ 37. Kh3 c2 38. Ne3 Nd4 39. f5
Re2 40. Nxc2 Nxf5 41. Rc5 b6 42. Rc4 Rxe5 43. Nd4 Nxd4 44. Rxd4 Kc7 45. Rh4 h5
46. Rc4+ Kd6 47. Rd4+ Ke7 48. g4 Re3+ 49. Kh4 hxg4 50. Kxg4 Re2 51. h4 Rxa2 52.
Rf4 b5 53. h5 Ra4 54. Kg5 Rxf4 55. Kxf4 Kf6 56. Ke3 b4 57. Kd3 a5 58. Kc4 Kg5
59. h6 Kxh6 60. Kb3 Kg5 61. Ka4 Kf4 62. Kb3 Ke3 63. Kc2 a4 64. Kb2 Kd2 65. Ka2
b3+ 66. Kb2 Kd1 67. Ka1 a3 68. Kb1 b2 69. Ka2 Kc2 70. Kxa3 b1=Q 71. Ka4 Qb6 0-1

[Event "Championnat de France des Jeunes - Cade"]
[Site "MONTLUCON"]
[Date "2011.04.17"]
[Round "1.7"]
[White "Alonso, Audrey"]
[Black "Briatte, Coline"]
[Result "1-0"]
[WhiteElo "1842"]
[BlackElo "1570"]
[PlyCount "99"]
[EventDate "2011.??.??"]

1. e4 d5 2. exd5 Qxd5 3. Nc3 Qa5 4. d4 Nf6 5. Bd2 Qb6 6. Nf3 Bg4 7. Bc4 e6 8.
h3 Bh5 9. Bb3 c6 10. g4 Bg6 11. Qe2 Be7 12. O-O-O Nbd7 13. Bf4 O-O 14. Nh4 Nd5
15. Nxd5 cxd5 16. Nxg6 fxg6 17. Bxd5 exd5 18. Qxe7 Rxf4 19. Qxd7 Qc6 20. Qxc6
bxc6 21. Rd2 Raf8 22. Rh2 h6 23. c3 g5 24. Re2 a6 25. Kc2 R8f7 26. Kb3 Rb7+ 27.
Kc2 Rbf7 28. Kd2 Kf8 29. Ke1 Re7 30. Rg2 Rxe2+ 31. Kxe2 Re4+ 32. Kf1 Kg8 33.
Rg3 Kf7 34. Re3 Rxe3 35. fxe3 Ke6 36. Kf2 Kd6 37. Ke2 Ke6 38. Kd3 Kd6 39. e4
dxe4+ 40. Kxe4 g6 41. c4 h5 42. d5 hxg4 43. hxg4 cxd5+ 44. cxd5 a5 45. b3 Kd7
46. Ke5 Ke7 47. d6+ Kd7 48. Kd5 Kc8 49. a3 Kd7 50. Kc5 1-0

[Event "Championnat de France des Jeunes - Cade"]
[Site "MONTLUCON"]
[Date "2011.04.17"]
[Round "1.8"]
[White "Ranc, Candice"]
[Black "Saucey, Capucine"]
[Result "0-1"]
[WhiteElo "1570"]
[BlackElo "1799"]
[PlyCount "42"]
[EventDate "2011.??.??"]

1. e4 e5 2. Nf3 Nc6 3. Be2 Nf6 4. d3 d5 5. Nbd2 b6 6. O-O Be6 7. Re1 Bd6 8. c3
g5 9. Nf1 dxe4 10. dxe4 Nxe4 11. Bd3 Nf6 12. Ng3 Qd7 13. Qc2 O-O-O 14. b4 Bxb4
15. Nxe5 Nxe5 16. Rxe5 Bd6 17. Re3 Ng4 18. Rf3 Bxg3 19. fxg3 Ne5 20. Be4 Nxf3+
21. gxf3 f5 0-1

[Event "Championnat de France des Jeunes - Cade"]
[Site "MONTLUCON"]
[Date "2011.04.17"]
[Round "1.9"]
[White "Kohi, Camilla"]
[Black "Harwood, Elisabeth"]
[Result "1-0"]
[WhiteElo "1797"]
[BlackElo "1557"]
[PlyCount "91"]
[EventDate "2011.??.??"]

1. d4 d5 2. c4 c6 3. Nf3 Nf6 4. Nc3 e6 5. Bg5 Be7 6. e3 Nbd7 7. Bd3 dxc4 8.
Bxc4 O-O 9. O-O b6 10. Qc2 Bb7 11. Rfd1 Rc8 12. Ne5 Re8 13. f4 Qc7 14. f5 Nxe5
15. dxe5 Qxe5 16. fxe6 fxe6 17. Bf4 Qh5 18. Bxe6+ Kh8 19. Bxc8 Rxc8 20. Rac1 c5
21. Qa4 Qg4 22. Rd2 a6 23. Qd1 Qg6 24. Na4 b5 25. Nb6 Rf8 26. Qe2 Bc6 27. Bd6
Ng8 28. Bxe7 Nxe7 29. Nd7 Bxd7 30. Rxd7 Ng8 31. e4 c4 32. e5 Re8 33. Re1 Qf5
34. e6 Qc5+ 35. Qe3 Qf5 36. Qe5 Qxe5 37. Rxe5 Ne7 38. Rc5 Kg8 39. Rxe7 Rf8 40.
Rcc7 Kh8 41. Rxg7 Rd8 42. Rxh7+ Kg8 43. Rcg7+ Kf8 44. e7+ Ke8 45. exd8=Q+ Kxd8
46. Rh8# 1-0

[Event "Championnat de France des Jeunes - Cade"]
[Site "MONTLUCON"]
[Date "2011.04.17"]
[Round "1.10"]
[White "Soriano, Manon"]
[Black "Lenoel, Marine"]
[Result "0-1"]
[WhiteElo "1551"]
[BlackElo "1793"]
[PlyCount "82"]
[EventDate "2011.??.??"]

1. e4 e5 2. Nf3 Nc6 3. d4 exd4 4. Bc4 Be7 5. Nxd4 Nf6 6. Nc3 O-O 7. O-O d6 8.
h3 Bd7 9. Re1 a6 10. a4 Rb8 11. a5 Ne5 12. Ba2 c5 13. Nf3 Nxf3+ 14. Qxf3 Be6
15. Bf4 b5 16. axb6 Rxb6 17. Rab1 Qb8 18. e5 dxe5 19. Bxe5 Qc8 20. Bxe6 Rxe6
21. Rbd1 Re8 22. Qg3 Bd6 23. f4 Bxe5 24. Rxe5 Rxe5 25. fxe5 Nd7 26. Rd5 h6 27.
Ne4 Qc6 28. Qd3 Nxe5 29. Rd6 Nxd3 30. Rxc6 Nb4 31. Nd6 Rd8 32. Rb6 Nxc2 33.
Rxa6 Rb8 34. Ra7 Rxb2 35. Rxf7 Ne3 36. Rf2 Rb1+ 37. Kh2 c4 38. Ne4 Nf1+ 39.
Rxf1 Rxf1 40. Kg3 Kf8 41. Nd2 c3 0-1

[Event "Championnat de France des Jeunes - Cade"]
[Site "MONTLUCON"]
[Date "2011.04.17"]
[Round "1.11"]
[White "Turquetille, Annabelle"]
[Black "Sadoune, Emilie"]
[Result "1-0"]
[WhiteElo "1773"]
[BlackElo "1539"]
[PlyCount "97"]
[EventDate "2011.??.??"]

1. e4 c5 2. f4 g6 3. Nf3 Nc6 4. Nc3 Bg7 5. Bc4 a6 6. a3 e6 7. d3 Nge7 8. Bd2 d5
9. Ba2 O-O 10. h4 b5 11. h5 b4 12. axb4 cxb4 13. Na4 Bb7 14. exd5 Nxd5 15. Bxd5
Qxd5 16. Nb6 Qb5 17. Nxa8 Bxa8 18. hxg6 fxg6 19. Qe2 Re8 20. c3 bxc3 21. Bxc3
e5 22. Kd2 Nd4 23. Bxd4 exd4 24. Qd1 Qxb2+ 25. Qc2 Re2+ 26. Kxe2 Qxc2+ 27. Nd2
Bxg2 28. Rhc1 Qb2 29. Rc8+ Bf8 30. Rb1 Bf3+ 31. Ke1 Qa2 32. Rbb8 Qe6+ 33. Ne4
Qe7 34. Rxf8+ Qxf8 35. Nf6+ Kg7 36. Rxf8 Kxf8 37. Nxh7+ Kg7 38. Ng5 Kf6 39.
Nxf3 Kf5 40. Nxd4+ Kxf4 41. Kf2 a5 42. Ne2+ Ke5 43. Ke3 g5 44. d4+ Kd6 45. Ke4
a4 46. Nc3 a3 47. Nb5+ Ke6 48. Nxa3 g4 49. Nc2 1-0

[Event "Championnat de France des Jeunes - Cade"]
[Site "MONTLUCON"]
[Date "2011.04.17"]
[Round "1.12"]
[White "Airoldi, Lea"]
[Black "Josse, Mathilde"]
[Result "0-1"]
[WhiteElo "1490"]
[BlackElo "1721"]
[PlyCount "68"]
[EventDate "2011.??.??"]

1. d4 Nf6 2. c4 g6 3. Nc3 d5 4. e3 Bg7 5. Bd3 O-O 6. Nge2 Nc6 7. O-O e6 8. Bd2
b6 9. Rc1 Bb7 10. cxd5 exd5 11. Nf4 Nb4 12. Be2 Rc8 13. Qb3 c5 14. dxc5 Na6 15.
cxb6 Nc5 16. Qd1 axb6 17. Bf3 Qd7 18. Re1 g5 19. Nh5 Nxh5 20. Bxh5 Nd3 21. Bg4
f5 22. Be2 Nxc1 23. Bxc1 Qc6 24. Bf3 g4 25. Bxd5+ Qxd5 26. Nxd5 Rcd8 27. e4
fxe4 28. Rxe4 Rxd5 29. Qb3 Kh8 30. Rxg4 Rfd8 31. h3 Rd1+ 32. Kh2 Rxc1 33. Qxb6
Be5+ 34. g3 Rh1# 0-1

[Event "Championnat de France des Jeunes - Cade"]
[Site "MONTLUCON"]
[Date "2011.04.18"]
[Round "2.1"]
[White "Saucey, Capucine"]
[Black "Neuhauser, Salome"]
[Result "0-1"]
[WhiteElo "1799"]
[BlackElo "2075"]
[PlyCount "64"]
[EventDate "2011.??.??"]

1. e4 e6 2. d4 d5 3. Nd2 Be7 4. Ngf3 Nf6 5. Bd3 c5 6. c3 dxe4 7. Nxe4 cxd4 8.
Nxd4 Nbd7 9. O-O O-O 10. Re1 Re8 11. Bd2 Nc5 12. Nxf6+ Bxf6 13. Bxh7+ Kxh7 14.
Qh5+ Kg8 15. Qxc5 e5 16. Nb3 b6 17. Qe3 Bb7 18. Rad1 Qd5 19. f3 Bh4 20. Bc1 Qc6
21. Re2 Qg6 22. Kh1 Ba6 23. g3 Bxe2 24. Qxe2 Bg5 25. Bxg5 Qxg5 26. Rd5 Qf5 27.
Kg2 Rad8 28. Qe4 Qe6 29. c4 Rxd5 30. cxd5 Qd6 31. Nd2 Rd8 32. Nc4 Qxd5 0-1

[Event "Championnat de France des Jeunes - Cade"]
[Site "MONTLUCON"]
[Date "2011.04.18"]
[Round "2.2"]
[White "Lenoel, Marine"]
[Black "Soubirou, Oriane"]
[Result "0-1"]
[WhiteElo "1793"]
[BlackElo "1996"]
[PlyCount "94"]
[EventDate "2011.??.??"]

1. e4 e6 2. d4 d5 3. exd5 exd5 4. Bd3 Bd6 5. c3 Ne7 6. Qc2 h6 7. Be3 Nbc6 8.
Nf3 Bg4 9. Nbd2 Qd7 10. O-O-O O-O-O 11. Qa4 Kb8 12. h3 Be6 13. Nb3 f6 14. Rhe1
Rhe8 15. a3 a6 16. Nc5 Bxc5 17. dxc5 Ne5 18. Qxd7 Bxd7 19. Be2 Nxf3 20. Bxf3 c6
21. Bf4+ Kc8 22. Bh5 g6 23. Bf3 g5 24. Bh2 Nf5 25. g3 Rxe1 26. Rxe1 Re8 27.
Rxe8+ Bxe8 28. Bg4 Bd7 29. Bxf5 Bxf5 30. f4 Bxh3 31. Kd2 Kd7 32. fxg5 fxg5 33.
Ke3 Ke6 34. Kf3 Kf5 35. Bg1 h5 36. Bd4 Bg4+ 37. Ke3 h4 38. gxh4 gxh4 39. Bg7 h3
40. Kf2 Ke4 41. Kg3 Bc8 42. Bf6 a5 43. a4 Kd3 44. Be5 Kc2 45. c4 dxc4 46. Bc3
Kb3 47. Bxa5 Kxb2 0-1

[Event "Championnat de France des Jeunes - Cade"]
[Site "MONTLUCON"]
[Date "2011.04.18"]
[Round "2.3"]
[White "Copin, Oceane"]
[Black "Kohi, Camilla"]
[Result "1/2-1/2"]
[WhiteElo "1914"]
[BlackElo "1797"]
[PlyCount "89"]
[EventDate "2011.??.??"]

1. d4 g6 2. Nf3 Bg7 3. Nbd2 d6 4. e4 Nc6 5. c3 e5 6. d5 Nce7 7. Bd3 Nh6 8. Nf1
O-O 9. Ng3 f5 10. c4 Nf7 11. Qc2 f4 12. Ne2 g5 13. Bd2 g4 14. Nh4 Nxd5 15. cxd5
Qxh4 16. Qxc7 g3 17. fxg3 fxg3 18. Nxg3 Nh6 19. O-O-O Bg4 20. Qxb7 Bxd1 21.
Kxd1 Rab8 22. Qxa7 Rxb2 23. Kc1 Rbb8 24. a4 Rbc8+ 25. Kd1 Ng4 26. Rf1 Rxf1+ 27.
Bxf1 Nxh2 28. Nf5 Qf6 29. Ba6 Rf8 30. Be2 h5 31. Bxh5 Nf1 32. Qxg7+ Qxg7 33.
Nxg7 Nxd2 34. Kxd2 Kxg7 35. Kc3 Rf2 36. Bf3 Kf7 37. Kc4 Ke7 38. Kb5 Kd7 39. Kb6
Rb2+ 40. Ka5 Rb6 41. Bg4+ Kc7 42. Bf5 Rb2 43. Ka6 Rxg2 44. Kb5 Rb2+ 45. Ka5
1/2-1/2

[Event "Championnat de France des Jeunes - Cade"]
[Site "MONTLUCON"]
[Date "2011.04.18"]
[Round "2.4"]
[White "Le Bail, Arielle"]
[Black "Turquetille, Annabelle"]
[Result "1/2-1/2"]
[WhiteElo "1859"]
[BlackElo "1773"]
[PlyCount "68"]
[EventDate "2011.??.??"]

1. d4 g6 2. c4 Bg7 3. Nc3 c5 4. d5 Bxc3+ 5. bxc3 f5 6. h4 Nf6 7. Nf3 Qa5 8. Bd2
d6 9. e3 Nbd7 10. Be2 Nb6 11. h5 Rg8 12. hxg6 hxg6 13. Ng5 Bd7 14. Bd3 O-O-O
15. f3 Rh8 16. Kf2 Na4 17. Rxh8 Rxh8 18. Rb1 Nb6 19. Qc1 Rh5 20. Ne6 Bxe6 21.
dxe6 Na8 22. Qb2 Qa6 23. Qb5 Nc7 24. Qxa6 Nxa6 25. e4 Nc7 26. exf5 gxf5 27. Rg1
Nxe6 28. Re1 Kd7 29. Bc2 Nd8 30. Ba4+ Nc6 31. Be3 Rh4 32. Bd2 a6 33. Bc2 Rh5
34. Bf4 Na5 1/2-1/2

[Event "Championnat de France des Jeunes - Cade"]
[Site "MONTLUCON"]
[Date "2011.04.18"]
[Round "2.5"]
[White "Sellier, Charlotte"]
[Black "Alonso, Audrey"]
[Result "0-1"]
[WhiteElo "1250"]
[BlackElo "1842"]
[PlyCount "74"]
[EventDate "2011.??.??"]

1. e4 e5 2. Nf3 Nc6 3. Bc4 Be7 4. Nc3 Nf6 5. O-O d6 6. d3 Bg4 7. Bb5 O-O 8.
Bxc6 bxc6 9. Re1 Nd7 10. h3 Bh5 11. g4 Bg6 12. Be3 Qb8 13. Rb1 Qb7 14. d4 f6
15. d5 Nb6 16. Nd2 Bf7 17. Qf3 cxd5 18. Bxb6 dxe4 19. Ndxe4 Qxb6 20. Ng3 c6 21.
Na4 Qc7 22. b3 d5 23. Rbd1 d4 24. Ne4 Bg6 25. c4 f5 26. gxf5 Rxf5 27. Qg3 Raf8
28. Rxd4 Rf3 29. Qh2 Qa5 30. Rdd1 Bh4 31. Re2 Bxe4 32. Rxe4 Bxf2+ 33. Kh1 Bd4
34. Qg2 Rf2 35. Qg3 Rf1+ 36. Rxf1 Rxf1+ 37. Kh2 Qd2+ 0-1

[Event "Championnat de France des Jeunes - Cade"]
[Site "MONTLUCON"]
[Date "2011.04.18"]
[Round "2.6"]
[White "Josse, Mathilde"]
[Black "Thuret, Marine"]
[Result "1/2-1/2"]
[WhiteElo "1721"]
[BlackElo "1909"]
[PlyCount "83"]
[EventDate "2011.??.??"]

1. e4 c5 2. Nf3 a6 3. c3 Qa5 4. Bd3 d6 5. Bc2 g6 6. O-O Bg7 7. d4 Bg4 8. Be3
Nf6 9. Nbd2 cxd4 10. cxd4 O-O 11. h3 Bd7 12. Nb3 Qd8 13. Qd2 b5 14. Bh6 a5 15.
Bxg7 Kxg7 16. Qg5 Na6 17. Rad1 Nb4 18. Bb1 Rc8 19. e5 Ne8 20. Nh4 Nc2 21. Rd2
Nb4 22. Nf5+ Bxf5 23. Bxf5 e6 24. Qxd8 Rxd8 25. Be4 a4 26. Na5 dxe5 27. Rfd1
Nf6 28. dxe5 Nfd5 29. a3 Na6 30. Bxd5 exd5 31. Rxd5 Rb8 32. Rc1 b4 33. Rc6 bxa3
34. bxa3 Ra8 35. Nc4 Rfc8 36. Rdc5 Rxc6 37. Rxc6 Ra7 38. Nb6 Rc7 39. Rxc7 Nxc7
40. Nxa4 Nb5 41. Nc5 Nxa3 42. f4 1/2-1/2

[Event "Championnat de France des Jeunes - Cade"]
[Site "MONTLUCON"]
[Date "2011.04.18"]
[Round "2.7"]
[White "Colin, Phanie"]
[Black "Abidi, Ines"]
[Result "1/2-1/2"]
[WhiteElo "1647"]
[BlackElo "1677"]
[PlyCount "82"]
[EventDate "2011.??.??"]

1. c4 e6 2. Nc3 d5 3. cxd5 exd5 4. d4 Nf6 5. Nf3 Be7 6. g3 c6 7. Bg2 O-O 8. O-O
Re8 9. a3 Nbd7 10. b4 Nf8 11. Bd2 Ne4 12. e3 Bf5 13. Nxe4 Bxe4 14. Ne5 Bxg2 15.
Kxg2 Nd7 16. Nxd7 Qxd7 17. Qf3 Bf6 18. Rab1 a6 19. a4 Bd8 20. Rfc1 Bc7 21. Rc2
Rac8 22. Rbc1 h6 23. Be1 Red8 24. Qe2 Bd6 25. b5 axb5 26. axb5 cxb5 27. Rxc8
Rxc8 28. Rxc8+ Qxc8 29. Qxb5 Qc6 30. Qxc6 bxc6 31. Ba5 c5 32. dxc5 Bxc5 33. Bc3
Kf8 34. Kf3 g6 35. Ke2 Ke7 36. Kd3 Ke6 37. f3 f5 38. Bd4 Bb4 39. e4 dxe4+ 40.
fxe4 fxe4+ 41. Kxe4 Bd2 1/2-1/2

[Event "Championnat de France des Jeunes - Cade"]
[Site "MONTLUCON"]
[Date "2011.04.18"]
[Round "2.8"]
[White "Auvray, Juliette"]
[Black "Haller, Noemie"]
[Result "1-0"]
[WhiteElo "2001"]
[BlackElo "1654"]
[PlyCount "25"]
[EventDate "2011.??.??"]

1. e4 c5 2. Nf3 d6 3. d4 cxd4 4. Nxd4 Nf6 5. Nc3 e6 6. Be3 Be7 7. f3 Nc6 8. Qd2
Bd7 9. Ndb5 Qb8 10. O-O-O d5 11. exd5 exd5 12. Bf4 Qc8 13. Nc7+ 1-0

[Event "Championnat de France des Jeunes - Cade"]
[Site "MONTLUCON"]
[Date "2011.04.18"]
[Round "2.9"]
[White "Finkel, Julie"]
[Black "Ranc, Candice"]
[Result "1-0"]
[WhiteElo "1697"]
[BlackElo "1570"]
[PlyCount "59"]
[EventDate "2011.??.??"]

1. e4 e5 2. Nf3 Nc6 3. d4 exd4 4. Nxd4 Bc5 5. Nxc6 bxc6 6. Bd3 Nf6 7. Nc3 O-O
8. O-O d6 9. Na4 Bd4 10. c3 Bb6 11. Nxb6 cxb6 12. f4 Re8 13. Qf3 Nd7 14. Qh5 h6
15. Rf3 Qf6 16. Rg3 Nc5 17. f5 Kf8 18. Qf3 Qe7 19. Rxg7 Kxg7 20. Qg3+ Kh7 21.
f6 Qf8 22. e5+ Nxd3 23. Qxd3+ Kh8 24. exd6 Rd8 25. Bf4 Be6 26. Rf1 Rd7 27. Qe3
Qg8 28. Bxh6 Qg6 29. Bg7+ Kg8 30. Rf4 1-0

[Event "Championnat de France des Jeunes - Cade"]
[Site "MONTLUCON"]
[Date "2011.04.18"]
[Round "2.10"]
[White "Daadaa, Soha"]
[Black "Soriano, Manon"]
[Result "1-0"]
[WhiteElo "1657"]
[BlackElo "1551"]
[PlyCount "51"]
[EventDate "2011.??.??"]

1. d4 c5 2. d5 Nf6 3. c4 g6 4. Nc3 Bg7 5. e4 d6 6. h3 O-O 7. Bg5 e6 8. Bd3 exd5
9. exd5 Re8+ 10. Nge2 Nbd7 11. f4 Qa5 12. O-O a6 13. Qc2 Rb8 14. a4 Qb4 15. Ng3
Nb6 16. f5 Nbd7 17. a5 b5 18. Nxb5 Nh5 19. Nxh5 gxh5 20. f6 Bxf6 21. Bxf6 Nxf6
22. Nxd6 Kg7 23. Rxf6 Re1+ 24. Rf1 Re7 25. Bxh7 Bd7 26. Rxf7+ 1-0

[Event "Championnat de France des Jeunes - Cade"]
[Site "MONTLUCON"]
[Date "2011.04.18"]
[Round "2.11"]
[White "Harwood, Elisabeth"]
[Black "Lebret, Loriane"]
[Result "1/2-1/2"]
[WhiteElo "1557"]
[BlackElo "1625"]
[PlyCount "67"]
[EventDate "2011.??.??"]

1. c4 e5 2. g3 Nf6 3. Bg2 Bc5 4. Nc3 d6 5. Nf3 Nc6 6. O-O O-O 7. e3 Bf5 8. d4
exd4 9. Nxd4 Bxd4 10. exd4 Nb4 11. Be3 Bd3 12. Re1 Bxc4 13. Qa4 Nd3 14. Qxc4
Nxe1 15. Rxe1 c6 16. d5 c5 17. Bf4 a6 18. b3 Qc7 19. Bg5 Nd7 20. Ne4 Rfe8 21.
Rd1 Ne5 22. Qc1 b5 23. Bh6 gxh6 24. Qxh6 Nd7 25. Ng5 Nf8 26. Be4 f5 27. Bxf5
Qg7 28. Qxg7+ Kxg7 29. Ne6+ Nxe6 30. Bxe6 Ra7 31. f4 Rc7 32. Rc1 Kf6 33. h4
Ree7 34. Kf2 1/2-1/2

[Event "Championnat de France des Jeunes - Cade"]
[Site "MONTLUCON"]
[Date "2011.04.18"]
[Round "2.12"]
[White "Briatte, Coline"]
[Black "Airoldi, Lea"]
[Result "1/2-1/2"]
[WhiteElo "1570"]
[BlackElo "1490"]
[Annotator "Rivier,Sylvain"]
[PlyCount "80"]
[EventDate "2011.??.??"]

1. d4 d5 2. e4 c6 3. e5 Bf5 4. Nc3 e6 5. Bd3 Bxd3 6. Qxd3 c5 7. Nf3 cxd4 8.
Nxd4 Nc6 9. Nf3 Nge7 10. Bg5 Qb6 11. O-O Ng6 12. Rfe1 Bc5 13. Be3 Bxe3 14. fxe3
Ncxe5 15. Nxe5 Nxe5 16. Qb5+ Qc6 17. Qxc6+ bxc6 18. b3 c5 19. Nb5 Kd7 20. Rad1
Kc6 21. Nc3 Rab8 22. Kf2 f5 23. h3 g5 24. Ne2 Ng6 25. Kg3 e5 26. Nc3 d4 27.
exd4 cxd4 28. Ne2 h5 29. Kh2 Rhd8 30. Ng3 f4 31. Nxh5 Rd6 32. Ng7 g4 33. Nf5
g3+ 34. Kg1 Rd5 35. h4 Rh8 36. a4 e4 37. Rxe4 Rxf5 38. Re6+ Kd5 39. Rxg6 Rxh4
40. c3 Ke4 {suite illisible} 1/2-1/2

[Event "Championnat de France des Jeunes - Cade"]
[Site "MONTLUCON"]
[Date "2011.04.18"]
[Round "3.1"]
[White "Neuhauser, Salome"]
[Black "Soubirou, Oriane"]
[Result "1-0"]
[WhiteElo "2075"]
[BlackElo "1996"]
[PlyCount "79"]
[EventDate "2011.??.??"]

1. Nf3 d5 2. g3 Bg4 3. Bg2 Nd7 4. d3 c6 5. O-O Ngf6 6. h3 Bh5 7. Qe1 e5 8. e4
dxe4 9. dxe4 Be7 10. Nbd2 O-O 11. Nb3 Qc7 12. Bd2 Rfe8 13. Bc3 Bf8 14. a4 b6
15. Nh4 Rad8 16. Qe3 Nc5 17. Nd2 Ne6 18. Ndf3 Nd7 19. Ng5 Bc5 20. Nxe6 Rxe6 21.
Qg5 Be2 22. Rfe1 Be7 23. Qe3 Bxh4 24. Qxe2 Be7 25. Kh1 Bc5 26. Rad1 Rd6 27. b4
Rxd1 28. Rxd1 Bd6 29. Qd2 Be7 30. Qe3 f6 31. Bf1 Nb8 32. Bc4+ Kf8 33. Rf1 Qd7
34. Kg2 Bd6 35. f4 exf4 36. gxf4 Qe7 37. Rd1 Re8 38. e5 Bxb4 39. Qd3 fxe5 40.
Qxh7 1-0

[Event "Championnat de France des Jeunes - Cade"]
[Site "MONTLUCON"]
[Date "2011.04.18"]
[Round "3.2"]
[White "Alonso, Audrey"]
[Black "Auvray, Juliette"]
[Result "1-0"]
[WhiteElo "1842"]
[BlackElo "2001"]
[PlyCount "89"]
[EventDate "2011.??.??"]

1. e4 c5 2. c4 Nc6 3. g3 g6 4. Bg2 Bg7 5. Nc3 d6 6. Nge2 e6 7. d3 Nge7 8. O-O
a6 9. Be3 Nd4 10. Qd2 O-O 11. f4 Nec6 12. Bf2 Rb8 13. Nxd4 Nxd4 14. Ne2 b5 15.
Nxd4 cxd4 16. Rac1 Qb6 17. b3 Bd7 18. Rc2 Rfc8 19. Rfc1 b4 20. Qe2 Rc5 21. Re1
e5 22. Qf3 Qb7 23. g4 Qc8 24. f5 Bh6 25. Qh3 Bf4 26. Bg3 Be3+ 27. Bf2 Bg5 28.
Qf3 Qd8 29. Rf1 Bf4 30. Bg3 Be3+ 31. Bf2 Bxf2+ 32. Rcxf2 g5 33. f6 Qf8 34. Qh3
h6 35. Qh5 Kh7 36. h4 Qg8 37. hxg5 Qg6 38. Qxg6+ Kxg6 39. gxh6 Bxg4 40. Bf3 Be6
41. Be2 Bh3 42. Re1 Rh8 43. Rh2 Rxh6 44. Kf2 Be6 45. Rg1+ 1-0

[Event "Championnat de France des Jeunes - Cade"]
[Site "MONTLUCON"]
[Date "2011.04.18"]
[Round "3.3"]
[White "Turquetille, Annabelle"]
[Black "Copin, Oceane"]
[Result "1-0"]
[WhiteElo "1773"]
[BlackElo "1914"]
[PlyCount "69"]
[EventDate "2011.??.??"]

1. e4 d5 2. d4 dxe4 3. Nc3 Nf6 4. f3 Bf5 5. Bc4 e6 6. Bg5 Be7 7. Bxf6 Bxf6 8.
fxe4 Bg6 9. Nf3 O-O 10. Be2 Nc6 11. e5 Be7 12. O-O Nb4 13. Re1 c5 14. dxc5
Bxc5+ 15. Kh1 Be3 16. Qxd8 Rfxd8 17. Red1 Bxc2 18. Rxd8+ Rxd8 19. Ne1 Bg6 20.
a3 Nd5 21. Nb5 Nf4 22. Bf3 Nd3 23. Nxd3 Rxd3 24. Re1 a6 25. Nd6 b6 26. Nc4 Bf2
27. Rf1 b5 28. Be2 Rd4 29. Nd6 Bh4 30. Rc1 h6 31. Rc8+ Kh7 32. g3 Be7 33. Rc6
Be4+ 34. Nxe4 Rxe4 35. Bd3 1-0

[Event "Championnat de France des Jeunes - Cade"]
[Site "MONTLUCON"]
[Date "2011.04.18"]
[Round "3.4"]
[White "Kohi, Camilla"]
[Black "Josse, Mathilde"]
[Result "1/2-1/2"]
[WhiteElo "1797"]
[BlackElo "1721"]
[PlyCount "45"]
[EventDate "2011.??.??"]

1. d4 Nf6 2. c4 g6 3. Nc3 d5 4. cxd5 Nxd5 5. e4 Nxc3 6. bxc3 Bg7 7. Bc4 O-O 8.
Ne2 c5 9. Bb2 Nc6 10. a3 Qc7 11. Ba2 Rd8 12. Qb3 Be6 13. d5 Na5 14. Qc2 Bd7 15.
c4 a6 16. Bxg7 Kxg7 17. Rc1 Rdc8 18. O-O b5 19. Rfe1 Rab8 20. cxb5 axb5 21. f4
Nb7 22. e5 Qb6 23. Kh1 1/2-1/2